Pope Nationalities - Sudden Death - Statistics

General Stats
  • This quiz has been taken 345 times
    80 since last reset
  • The average score is 5 of 15
Answers on the Grid
Answers color-coded by a green-red scale on the quiz's grid according to % correct below.
Italy
France
Syria
Germany
Spain
USA
Lebanon
Poland
Argentina
Croatia
Portugal
Türkiye
Netherlands
UK
Israel
Iran
Egypt
Vatican City
Switzerland
Russia
Ireland
Austria
Slovenia
Slovakia
Morocco
Malta
Bolivia
Brazil
Ecuador
Bulgaria
 
Answer Stats
Answer % Correct
Italy
75%
USA
70%
Argentina
61%
France
56%
Germany
56%
Poland
56%
Spain
47%
Türkiye
25%
UK
23%
Portugal
18%
Syria
18%
Israel
16%
Croatia
9%
Netherlands
9%
Lebanon
4%
No matching quizzes found
Score Distribution
Percent of People with Each Score
Percentile by Number Answered
Your Score History
You have not taken this quiz since the last reset